[Event "GER-chT U14"]
[Site "Verden"]
[Date "2015.12.28"]
[Round "3.3"]
[White "Wenzel, Sander"]
[Black "Lautenbach, Max"]
[Result "0-1"]
[WhiteElo "1145"]
[BlackElo "1284"]
[PlyCount "88"]
[EventDate "2015.12.27"]
[EventType "team-swiss"]
[EventRounds "7"]
[EventCountry "GER"]
[SourceTitle "EXT 2017"]
[Source "ChessBase"]
[SourceDate "2016.10.25"]
[SourceVersion "1"]
[SourceVersionDate "2016.10.25"]
[SourceQuality "1"]
[WhiteTeam "Bann"]
[BlackTeam "Erfurt Empor"]
[WhiteTeamCountry "GER"]
[BlackTeamCountry "GER"]

1. e4 e5 2. Nf3 Nc6 3. Bc4 Nf6 4. d3 Bc5 5. Be3 Bb6 6. c3 d6 7. Nbd2 Be6 8. Qe2 Qe7 9. h3 h6 10. Bb3 g5 11. h4 g4 12. Nh2 0-0-0 13. g3 Rdg8 14. Bxb6 cxb6 15. Nhf1 Kb8 16. Ne3 h5 17. Bc2 d5 18. Nd1 Rd8 19. a3 Qd6 20. b4 dxe4 21. Nxe4 Nxe4 22. dxe4 b5 23. Nb2 Nd4 24. Qd1 Nf3+ 25. Kf1 Qxd1+ 26. Bxd1 Nd2+ 27. Kg2 Nxe4 28. Rc1 Bd5 29. f3 Nd2 30. Kh2 gxf3 31. Bxf3 Nxf3+ 32. Kh3 Be6+ 33. Kg2 Bg4 34. Rc2 e4 35. Kf2 Rhe8 36. Ke3 f5 37. c4 bxc4 38. Rxc4 Ne5 39. Kf2 e3+ 40. Ke1 Nc6 41. Rc3 e2 42. Rd3 Rxd3 43. Nxd3 Rd8 44. Nf2 Rd1+ 0-1

[Event "GER-chT U14"]
[Site "Verden"]
[Date "2015.12.27"]
[Round "1.3"]
[White "Koehler, Inken"]
[Black "Lautenbach, Max"]
[Result "1-0"]
[WhiteElo "1790"]
[BlackElo "1284"]
[PlyCount "105"]
[EventDate "2015.12.27"]
[EventType "team-swiss"]
[EventRounds "7"]
[EventCountry "GER"]
[SourceTitle "EXT 2017"]
[Source "ChessBase"]
[SourceDate "2016.10.25"]
[SourceVersion "1"]
[SourceVersionDate "2016.10.25"]
[SourceQuality "1"]
[WhiteTeam "Harksheide"]
[BlackTeam "Erfurt Empor"]
[WhiteTeamCountry "GER"]
[BlackTeamCountry "GER"]

1. e4 e5 2. Nf3 Nc6 3. d4 exd4 4. Nxd4 Bc5 5. Nb3 Be7 6. Nc3 Nf6 7. Bf4 d6 8. Be2 0-0 9. Qd2 Re8 10. 0-0-0 a6 11. f3 Be6 12. g4 b5 13. h4 Nd7 14. g5 Nce5 15. Bxe5 dxe5 16. Nd5 Bxd5 17. Qxd5 Bd6 18. Na5 Nb6 19. Qb3 c5 20. Nb7 Qc7 21. Nxd6 Red8 22. Nf5 c4 23. Qb4 Na4 24. Rxd8+ Rxd8 25. Rd1 Rxd1+ 26. Bxd1 Nc5 27. Ne3 Qa7 28. Nd5 Kh8 29. a4 bxa4 30. Qb6 Qxb6 31. Nxb6 Ne6 32. Nxc4 f6 33. gxf6 gxf6 34. Nd6 Nf4 35. Ne8 Nh5 36. c4 Kg8 37. c5 Kf8 38. Bxa4 Ke7 39. c6 Kd8 40. c7+ Kc8 41. Bb3 Nf4 42. Bc4 Kd7 43. Bxa6 Kxe8 44. c8Q+ Ke7 45. Bc4 h5 46. Qc7+ Ke8 47. Qf7+ Kd8 48. Bb5 Kc8 49. Qd7+ Kb8 50. Ba6 Nd3+ 51. Bxd3 f5 52. Ba6 f4 53. Qb7# 1-0